000 00614nam a2200181Ia 4500
008 090124s9999 xx 000 0 und d
082 _b36490
100 _aप्रभावळकर दिलीप
245 _a बोक्या सातबंडे 1
250 _a1
260 _bराजहंस प्रकाशन
_c1999
300 _a88
600 _aप्रभावळकर दिलीप
630 _a बोक्या सातबंडे 1
700 _aप्रभावळकर दिलीप
730 _a बोक्या सातबंडे 1
942 _cBOOK
999 _c102460
_d102460